000 00458nam a22002057a 4500
001 22175
005 20260406112631.0
008 260406b |||||||| |||| 00| 0 spa d
041 _aESP
082 _aGR 880.1
_bS763 1969
100 _aSofocles
245 _aAyax Antigona Edipo Rey
260 _a :
_b ,
300 _a000 páginas :
_b ;
_c00 cm.
440 _a ;
650 _aLYR
654 _aCHU
700 _a;
942 _cLIB
_dJUS
_fJUS
_n0
_2ddc
999 _c22175
_d22175